00526pab a2200157 454500008004000000100001900040245011700059260000900176300001300185362001200198650003300210650003500243650003000278650002200308773003800330180718b2010 xxu||||| |||| 00| 0 eng d aCharumathi, B. aCorporate governance standards and practices in Indian information technology (IT) industry - an empirical study c2010 ap.61-75. aApr-Sep aCorporate governance - India aInformation technology - India aFinancial markets - India aFinancial markets aJournal of Accounting and Finance